[Event "London Mindsports blitz op 4th"]
[Site "London"]
[Date "2024.07.23"]
[Round "5"]
[White "Badacsonyi, Stanley Ethan Artie"]
[Black "Johnson, Daniel"]
[Result "1/2-1/2"]
[WhiteElo "2306"]
[BlackElo "2271"]
[PlyCount "64"]
[EventDate "2024.07.23"]
[EventType "swiss (blitz)"]
[EventRounds "14"]
[EventCountry "ENG"]
[SourceTitle "CBM 221 Extra"]
[Source "ChessBase"]
[SourceDate "2024.09.30"]
[SourceVersion "1"]
[SourceVersionDate "2024.09.30"]
[SourceQuality "1"]

1. d4 Nf6 2. Bg5 e6 3. e4 h6 4. Bxf6 Qxf6 5. c3 c5 6. Nf3 cxd4 7. cxd4 Bb4+ 8. Nc3 0-0 9. Bd3 Bxc3+ 10. bxc3 d6 11. 0-0 Nc6 12. Qe2 e5 13. d5 Ne7 14. Qe3 Ng6 15. Rfc1 Qe7 16. c4 b6 17. a4 Bg4 18. Nd2 Qc7 19. Nb3 Rfb8 20. Bf1 Nf8 21. a5 Nd7 22. axb6 axb6 23. Rcb1 Nc5 24. Nxc5 bxc5 25. Rxa8 Rxa8 26. h3 Bd7 27. Qb3 Kf8 28. Be2 Ra4 29. Qb7 Ra7 30. Qb2 Ra4 31. Qb7 Ra7 32. Qb3 Ra4 1/2-1/2

[Event "London Mindsports blitz op 4th"]
[Site "London"]
[Date "2024.07.23"]
[Round "1"]
[White "Johnson, Daniel"]
[Black "Amoros, Pierre"]
[Result "1-0"]
[WhiteElo "2271"]
[BlackElo "1843"]
[PlyCount "109"]
[EventDate "2024.07.23"]
[EventType "swiss (blitz)"]
[EventRounds "14"]
[EventCountry "ENG"]
[SourceTitle "CBM 221 Extra"]
[Source "ChessBase"]
[SourceDate "2024.09.30"]
[SourceVersion "1"]
[SourceVersionDate "2024.09.30"]
[SourceQuality "1"]

1. d4 Nf6 2. c4 e5 3. dxe5 Ng4 4. e3 Nxe5 5. Nh3 Nbc6 6. Nf4 Bb4+ 7. Bd2 Bxd2+ 8. Qxd2 0-0 9. Nc3 d6 10. Be2 Bf5 11. 0-0 Qg5 12. Kh1 Rad8 13. Nfd5 Ng4 14. h3 Nf6 15. Nxf6+ Qxf6 16. Nd5 Qh6 17. Kh2 Rd7 18. Rad1 Ne5 19. Qd4 c6 20. Nc3 Re8 21. Qxa7 Ng4+ 22. Bxg4 Bxg4 23. Rd4 Be6 24. Qa5 Qg6 25. Ne2 Red8 26. Nf4 Qf5 27. Qxf5 Bxf5 28. Rfd1 Bc2 29. R1d2 Bf5 30. Ne2 Be6 31. Nc3 d5 32. cxd5 cxd5 33. g4 h6 34. f4 g6 35. Kg3 Kg7 36. b4 f5 37. a4 Kf6 38. a5 fxg4 39. hxg4 h5 40. gxh5 gxh5 41. e4 dxe4 42. Nxe4+ Ke7 43. Rxd7+ Rxd7 44. Re2 Kf7 45. Ng5+ Kf6 46. Rxe6+ Kf5 47. Re5+ Kf6 48. Re3 Rd4 49. Rb3 h4+ 50. Kf3 Kf5 51. Nh3 Kf6 52. b5 Ra4 53. a6 bxa6 54. b6 a5 55. b7 1-0

[Event "London Mindsports blitz op 4th"]
[Site "London"]
[Date "2024.07.23"]
[Round "6"]
[White "Johnson, Daniel"]
[Black "Badacsonyi, Stanley Ethan Artie"]
[Result "1-0"]
[WhiteElo "2271"]
[BlackElo "2306"]
[PlyCount "99"]
[EventDate "2024.07.23"]
[EventType "swiss (blitz)"]
[EventRounds "14"]
[EventCountry "ENG"]
[SourceTitle "CBM 221 Extra"]
[Source "ChessBase"]
[SourceDate "2024.09.30"]
[SourceVersion "1"]
[SourceVersionDate "2024.09.30"]
[SourceQuality "1"]

1. d4 Nf6 2. Nc3 d5 3. Bf4 e6 4. Nb5 Na6 5. e3 Be7 6. Nf3 0-0 7. Be2 c6 8. Nc3 Qb6 9. a3 Bd7 10. Rb1 c5 11. Ne5 Be8 12. 0-0 Rc8 13. Bd3 Nb8 14. Bg3 cxd4 15. exd4 Nc6 16. Ne2 Nh5 17. Nxc6 bxc6 18. b4 Nxg3 19. hxg3 a5 20. c3 axb4 21. cxb4 Ra8 22. Qb3 f6 23. a4 Bf7 24. a5 Qb7 25. Rfc1 Rfb8 26. a6 Qb6 27. Qa4 Be8 28. Qc2 g6 29. Nf4 e5 30. Ne6 e4 31. Bf1 Bd7 32. Nc5 Bf5 33. Rb2 Bd6 34. Qe2 Bxc5 35. Rxc5 Bd7 36. Qd2 Kg7 37. Qf4 Ra7 38. Qd6 Be8 39. Qf4 Rba8 40. Qd6 Rxa6 41. Bxa6 Qxa6 42. Rbc2 Qb7 43. b5 Ra1+ 44. Kh2 h5 45. bxc6 Qb1 46. Rc1 Qxc1 47. Rxc1 Rxc1 48. Qe7+ Bf7 49. c7 g5 50. Qd7 1-0

[Event "London Mindsports op 4th"]
[Site "London"]
[Date "2024.07.23"]
[Round "9"]
[White "Johnson, Daniel"]
[Black "Cherniaev, Alexander"]
[Result "1/2-1/2"]
[WhiteElo "2126"]
[BlackElo "2359"]
[PlyCount "110"]
[EventDate "2024.07.18"]
[EventType "swiss"]
[EventRounds "9"]
[EventCountry "ENG"]
[SourceTitle "CBM 221 Extra"]
[Source "ChessBase"]
[SourceDate "2024.09.30"]
[SourceVersion "1"]
[SourceVersionDate "2024.09.30"]
[SourceQuality "1"]

1. d4 Nf6 2. Nc3 d5 3. Bf4 Nh5 4. Be5 f6 5. e4 g6 6. Bg3 c6 7. Be2 Nxg3 8. hxg3 Bg7 9. Nf3 Be6 10. Qd3 Bf7 11. 0-0-0 a6 12. Kb1 Nd7 13. Qe3 Qc7 14. Rhe1 0-0 15. Rh1 Rfd8 16. Nh2 Nf8 17. exd5 cxd5 18. Ng4 e5 19. Nh6+ Bxh6 20. Qxh6 Qc6 21. Bf3 b5 22. dxe5 fxe5 23. Qg5 b4 24. Ne2 Qc7 25. Rd2 Rab8 26. Rhd1 Rb5 27. Qf6 a5 28. Bg4 Rb6 29. Qg5 a4 30. f4 e4 31. Nd4 Kh8 32. Qe5+ Qxe5 33. fxe5 Kg7 34. Kc1 Re8 35. e6 Bg8 36. Ne2 h5 37. Bh3 Nxe6 38. Rxd5 Nf8 39. Ra5 Bxa2 40. Rxa4 Bc4 41. Nd4 Ba6 42. Ra5 e3 43. Rd5 Rf6 44. Re1 Re4 45. Nf3 b3 46. cxb3 Rc6+ 47. Kd1 Rb6 48. Re5 e2+ 49. Kd2 Reb4 50. Re3 Rxb3 51. Rxb3 Rxb3 52. Kc2 Rb4 53. Kc3 Rc4+ 54. Kd2 Rb4 55. Kc3 Rc4+ 1/2-1/2

[Event "London Mindsports blitz op 4th"]
[Site "London"]
[Date "2024.07.23"]
[Round "11"]
[White "Johnson, Daniel"]
[Black "Gasanov, Eldar"]
[Result "0-1"]
[WhiteElo "2271"]
[BlackElo "2474"]
[PlyCount "50"]
[EventDate "2024.07.23"]
[EventType "swiss (blitz)"]
[EventRounds "14"]
[EventCountry "ENG"]
[SourceTitle "CBM 221 Extra"]
[Source "ChessBase"]
[SourceDate "2024.09.30"]
[SourceVersion "1"]
[SourceVersionDate "2024.09.30"]
[SourceQuality "1"]

1. d4 Nf6 2. c4 Nc6 3. Nf3 e6 4. Nc3 Bb4 5. Qc2 d5 6. cxd5 exd5 7. Bg5 h6 8. Bxf6 Qxf6 9. a3 Bf5 10. Qb3 Bxc3+ 11. Qxc3 Be4 12. Ne5 Nxe5 13. dxe5 Qe7 14. Rc1 0-0-0 15. Qc5 Qxe5 16. e3 Kb8 17. a4 b6 18. Qc3 d4 19. exd4 Rxd4 20. Qe3 Re8 21. Be2 Bxg2 22. Rg1 Qa5+ 23. Qc3 Bf3 24. Rc2 Qxc3+ 25. bxc3 Rde4 0-1

[Event "London Mindsports op 4th"]
[Site "London"]
[Date "2024.07.22"]
[Round "7"]
[White "Johnson, Daniel"]
[Black "Lemos, Damian"]
[Result "0-1"]
[WhiteElo "2126"]
[BlackElo "2479"]
[PlyCount "64"]
[EventDate "2024.07.18"]
[EventType "swiss"]
[EventRounds "9"]
[EventCountry "ENG"]
[SourceTitle "CBM 221 Extra"]
[Source "ChessBase"]
[SourceDate "2024.09.30"]
[SourceVersion "1"]
[SourceVersionDate "2024.09.30"]
[SourceQuality "1"]

1. d4 Nf6 2. c4 c5 3. d5 g6 4. Nc3 Bg7 5. e4 d6 6. Nge2 0-0 7. f3 a6 8. a4 h5 9. Bg5 Nbd7 10. Qd2 Ne5 11. Nc1 Nh7 12. Be3 e6 13. Be2 exd5 14. cxd5 Qh4+ 15. Bf2 Qe7 16. 0-0 f5 17. exf5 Bxf5 18. a5 Rae8 19. Ra4 Qd7 20. b3 g5 21. Ne4 g4 22. Ng5 Nxg5 23. Qxg5 gxf3 24. gxf3 Bh3 25. Rd1 Nxf3+ 26. Bxf3 Rxf3 27. Qxh5 Rf5 28. Qh4 Bf6 29. Qh6 Rg5+ 30. Bg3 Qf5 31. Rf4 Qxf4 32. Qxh3 Bd4+ 0-1

[Event "London Mindsports op 4th"]
[Site "London"]
[Date "2024.07.20"]
[Round "4"]
[White "Johnson, Daniel"]
[Black "Bird, Joel"]
[Result "1-0"]
[WhiteElo "2126"]
[BlackElo "1975"]
[PlyCount "63"]
[EventDate "2024.07.18"]
[EventType "swiss"]
[EventRounds "9"]
[EventCountry "ENG"]
[SourceTitle "EXT 2025"]
[Source "ChessBase"]
[SourceDate "2024.10.14"]
[SourceVersion "1"]
[SourceVersionDate "2024.10.14"]
[SourceQuality "1"]

1. d4 d5 2. c4 c6 3. Nf3 Nf6 4. Qb3 dxc4 5. Qxc4 Bf5 6. g3 e6 7. Bg2 Nbd7 8. 0-0 Be7 9. Nc3 0-0 10. Re1 Ne4 11. Rd1 h6 12. Ne1 Nd6 13. Qb3 Qb6 14. Qa4 Bg6 15. e4 e5 16. dxe5 Nxe5 17. Bf4 Bf6 18. Rxd6 Qxb2 19. Rc1 Ng4 20. Nd3 Qb6 21. Nd5 cxd5 22. Rxb6 axb6 23. Qb4 dxe4 24. Bxe4 Bxe4 25. Qxe4 Rfe8 26. Qf5 Ra3 27. Rd1 Rd8 28. Qxg4 Raxd3 29. Rxd3 Rxd3 30. Bxh6 Rd4 31. Qf3 Ra4 32. Qb3 1-0

[Event "London Mindsports op 4th"]
[Site "London"]
[Date "2024.07.18"]
[Round "2"]
[White "Johnson, Daniel"]
[Black "Large, Peter G"]
[Result "1-0"]
[WhiteElo "2126"]
[BlackElo "2311"]
[PlyCount "167"]
[EventDate "2024.07.18"]
[EventType "swiss"]
[EventRounds "9"]
[EventCountry "ENG"]
[SourceTitle "EXT 2025"]
[Source "ChessBase"]
[SourceDate "2024.10.14"]
[SourceVersion "1"]
[SourceVersionDate "2024.10.14"]
[SourceQuality "1"]

1. d4 e6 2. c4 b6 3. e4 Bb7 4. Nc3 Bb4 5. Qc2 Qh4 6. Bd3 f5 7. g3 Qh5 8. f3 fxe4 9. Bxe4 Bxe4 10. Qxe4 Nc6 11. Be3 Nf6 12. Qd3 0-0 13. 0-0-0 Qa5 14. Nge2 Bxc3 15. Nxc3 Nb4 16. Qb1 Qa6 17. a3 Nc6 18. Qd3 Na5 19. c5 Qb7 20. Rhf1 Nd5 21. Ne4 bxc5 22. Nxc5 Qc6 23. Kb1 Nxe3 24. Qxe3 Nc4 25. Qc3 Nb6 26. Ne4 Qxc3 27. Nxc3 Nc4 28. Rd3 Rab8 29. Nd1 Rb5 30. Rf2 Rfb8 31. Rc3 d5 32. Ka2 a5 33. b3 Nd6 34. Rb2 Nf5 35. Rd2 R8b7 36. Ne3 Nxe3 37. Rxe3 Kf7 38. Rc2 Ke7 39. Rc6 Kd7 40. Rcxe6 c5 41. Re7+ Kc8 42. Re8+ Kd7 43. R8e7+ Kc8 44. Rxb7 Kxb7 45. a4 Rb4 46. dxc5 Rd4 47. Re2 Kc6 48. Rc2 g5 49. Rf2 Kxc5 50. f4 gxf4 51. gxf4 Kd6 52. f5 Ke7 53. f6+ Kf7 54. Kb2 Rd3 55. Rf5 d4 56. Rxa5 Kxf6 57. Rh5 Rd2+ 58. Ka3 d3 59. Rd5 Ke6 60. Rd8 Ke5 61. a5 Ke4 62. b4 Rd1 63. b5 d2 64. Kb2 Rc1 65. a6 d1Q 66. Rxd1 Rxd1 67. a7 Rd8 68. b6 Ra8 69. b7 Rxa7 70. b8Q Rg7 71. Kc3 Kf5 72. Qf8+ Kg6 73. Kd4 Rf7 74. Qg8+ Kf6 75. Qg4 Re7 76. Qh4+ Ke6 77. Ke4 Rf7 78. Qh6+ Ke7 79. Ke5 Ke8 80. Qg5 Kf8 81. Ke6 Rb7 82. Qf4+ Ke8 83. Qd6 Re7+ 84. Qxe7# 1-0

[Event "Karlstad op"]
[Site "Karlstad"]
[Date "2023.12.28"]
[Round "5"]
[White "Zarzecki, Dymitr Stanislaw"]
[Black "Johnson, Daniel"]
[Result "0-1"]
[WhiteElo "1576"]
[BlackElo "2165"]
[PlyCount "49"]
[EventDate "2023.12.27"]
[EventType "swiss"]
[EventRounds "8"]
[EventCountry "SWE"]
[SourceTitle "CBM 217 Extra"]
[Source "ChessBase"]
[SourceDate "2024.01.31"]
[SourceVersion "1"]
[SourceVersionDate "2024.01.31"]
[SourceQuality "1"]

1. c4 e6 2. g3 d5 3. Bg2 Nf6 4. cxd5 exd5 5. d3 c6 6. Nf3 Be7 7. 0-0 0-0 8. Bg5 h6 9. Bd2 a5 10. Re1 Na6 11. Na3 Re8 12. Nc2 Bf5 13. Nfd4 Bh7 14. e4 Nc5 15. e5 Nfd7 16. e6 fxe6 17. Rxe6 Nf8 18. Bh3 Nfxe6 19. Nxe6 Nxe6 20. Bxe6+ Kh8 21. Qg4 Bf6 22. Re1 Qb6 23. Bxh6 gxh6 24. Qf4 Bg7 25. Ne3 0-1

[Event "NOR-chB"]
[Site "Oslo"]
[Date "2023.07.03"]
[Round "3"]
[White "Johnson, Daniel"]
[Black "Myagmarsuren, Evsuld"]
[Result "0-1"]
[WhiteElo "2224"]
[BlackElo "2184"]
[PlyCount "84"]
[EventDate "2023.06.30"]
[EventType "swiss"]
[EventRounds "9"]
[EventCountry "NOR"]
[SourceTitle "EXT 2024"]
[Source "ChessBase"]
[SourceDate "2023.10.10"]
[SourceVersion "1"]
[SourceVersionDate "2023.10.10"]
[SourceQuality "1"]

1. Nf3 Nf6 2. g3 g6 3. Bg2 Bg7 4. 0-0 0-0 5. c4 c6 6. d4 d5 7. cxd5 cxd5 8. Nc3 Nc6 9. Ne5 e6 10. Nxc6 bxc6 11. Bf4 Re8 12. Rc1 Nd7 13. Qd2 e5 14. dxe5 Nxe5 15. b3 Bf5 16. h3 Rc8 17. Rfd1 Nd7 18. Bg5 f6 19. Be3 a6 20. Na4 Kh8 21. Nc5 Nxc5 22. Bxc5 Qd7 23. Kh2 h5 24. h4 Kh7 25. Bd4 Bg4 26. Re1 Bf5 27. Qa5 Ra8 28. Rc3 Reb8 29. Rec1 Rb5 30. Qa4 a5 31. e3 Ra6 32. Bf1 Be4 33. Rxc6 Rxc6 34. Rxc6 Rb4 35. Qxa5 Rxd4 36. exd4 Qxc6 37. Qc5 Qe6 38. Bh3 f5 39. b4 Qf6 40. Kg1 f4 41. a4 fxg3 42. fxg3 Qf3 0-1

[Event "Norrkoeping Easter op"]
[Site "Norrkoeping"]
[Date "2023.04.08"]
[Round "4"]
[White "Johnson, Daniel"]
[Black "Crevatin, Leo"]
[Result "1/2-1/2"]
[WhiteElo "2198"]
[BlackElo "2292"]
[PlyCount "42"]
[EventDate "2023.04.07"]
[EventType "swiss"]
[EventRounds "8"]
[EventCountry "SWE"]
[SourceTitle "CBM 213 Extra"]
[Source "ChessBase"]
[SourceDate "2023.05.31"]
[SourceVersion "1"]
[SourceVersionDate "2023.05.31"]
[SourceQuality "1"]

1. Nf3 d5 2. e3 Nf6 3. c4 e6 4. Nc3 b6 5. b3 Bb7 6. Bb2 Nbd7 7. cxd5 exd5 8. d4 a6 9. Bd3 Bd6 10. Qc2 0-0 11. 0-0 Re8 12. Ne2 Ne4 13. Rac1 Rc8 14. Ng3 Bf8 15. Qe2 a5 16. Rc2 Nxg3 17. hxg3 Bd6 18. Rfc1 c6 19. Ba6 Bxa6 20. Qxa6 Nb8 21. Qd3 Rc7 1/2-1/2

[Event "Norrkoeping Easter op"]
[Site "Norrkoeping"]
[Date "2023.04.07"]
[Round "3"]
[White "Pantzar, Milton"]
[Black "Johnson, Daniel"]
[Result "0-1"]
[WhiteElo "2460"]
[BlackElo "2198"]
[PlyCount "94"]
[EventDate "2023.04.07"]
[EventType "swiss"]
[EventRounds "8"]
[EventCountry "SWE"]
[SourceTitle "CBM 213 Extra"]
[Source "ChessBase"]
[SourceDate "2023.05.31"]
[SourceVersion "1"]
[SourceVersionDate "2023.05.31"]
[SourceQuality "1"]

1. d4 Nf6 2. c4 e6 3. Nf3 d5 4. g3 Be7 5. Bg2 0-0 6. 0-0 dxc4 7. Qc2 a6 8. a4 Bd7 9. Qxc4 Bc6 10. Bf4 Bd6 11. Nc3 Bxf4 12. gxf4 a5 13. e3 Nbd7 14. Ne5 Bxg2 15. Kxg2 Ne8 16. Rg1 Nd6 17. Qe2 Nf5 18. Rad1 Nxe5 19. dxe5 Qe7 20. Kh1 Rad8 21. e4 Nd4 22. Qh5 f6 23. exf6 Qxf6 24. Rg4 b6 25. Rd3 Rf7 26. Rh3 g6 27. Rhg3 Kg7 28. Qh3 c6 29. Qg2 b5 30. h4 b4 31. h5 Kf8 32. hxg6 hxg6 33. Rxg6 Rh7+ 34. Kg1 Ne2+ 35. Kf1 Nxg3+ 36. Qxg3 Qh8 37. Ne2 Rd1+ 38. Kg2 Rg7 39. Ng1 Rxg6 40. Qxg6 Qg7 41. Qxg7+ Kxg7 42. Nf3 c5 43. Ne5 Rd2 44. Nc4 Rc2 45. Nxa5 Rxb2 46. Kf3 Ra2 47. Nc4 b3 0-1

[Event "London Mindsports IM-A"]
[Site "London"]
[Date "2023.02.16"]
[Round "2"]
[White "Johnson, Daniel"]
[Black "Willow, Jonah B"]
[Result "0-1"]
[WhiteElo "2189"]
[BlackElo "2437"]
[PlyCount "96"]
[EventDate "2023.02.15"]
[EventType "tourn"]
[EventRounds "9"]
[EventCountry "ENG"]
[EventCategory "3"]
[SourceTitle "CBM 212 Extra"]
[Source "ChessBase"]
[SourceDate "2023.03.31"]
[SourceVersion "1"]
[SourceVersionDate "2023.03.31"]
[SourceQuality "1"]

1. d4 Nf6 2. c4 e6 3. Nc3 Bb4 4. Qc2 d5 5. a3 Bxc3+ 6. Qxc3 c5 7. e3 cxd4 8. exd4 Nc6 9. Nf3 Ne4 10. Qc2 Qa5+ 11. Bd2 Nxd2 12. Qxd2 Qxd2+ 13. Kxd2 Na5 14. Kc3 dxc4 15. Bxc4 Bd7 16. Ba2 Rc8+ 17. Kd2 Bc6 18. Rac1 0-0 19. Rc3 Bxf3 20. Rxf3 Rfd8 21. Rd3 b5 22. Rc1 Nc4+ 23. Bxc4 bxc4 24. Rdc3 Rxd4+ 25. Ke3 Rcd8 26. R1c2 Rd3+ 27. Rxd3 Rxd3+ 28. Ke2 Rb3 29. Ke1 g5 30. Rxc4 Rxb2 31. Rc7 Rb1+ 32. Ke2 a6 33. Rc6 g4 34. Rc4 h5 35. Rc5 f5 36. Rc6 Kf7 37. Rxa6 Rh1 38. a4 Rxh2 39. g3 h4 40. Kf1 h3 41. Kg1 Rg2+ 42. Kf1 f4 43. Ra7+ Kg6 44. gxf4 g3 45. fxg3 Rxg3 46. f5+ exf5 47. Ra8 h2 48. Rg8+ Kf6 0-1

[Event "Karlstad op"]
[Site "Karlstad"]
[Date "2022.12.27"]
[Round "3"]
[White "Johnson, Daniel"]
[Black "Muntean, Victor"]
[Result "0-1"]
[WhiteElo "2219"]
[BlackElo "2056"]
[PlyCount "112"]
[EventDate "2022.12.27"]
[EventType "swiss"]
[EventRounds "8"]
[EventCountry "SWE"]
[SourceTitle "CBM 211 Extra"]
[Source "ChessBase"]
[SourceDate "2023.01.31"]
[SourceVersion "1"]
[SourceVersionDate "2023.01.31"]
[SourceQuality "1"]

1. d4 Nf6 2. Nc3 g6 3. e4 d6 4. Nf3 Bg7 5. Be2 0-0 6. 0-0 c6 7. a4 e5 8. dxe5 dxe5 9. Nxe5 Nxe4 10. Nxe4 Bxe5 11. Qxd8 Rxd8 12. c3 Re8 13. Rd1 Nd7 14. Bf3 f5 15. Nd2 Bc7 16. Nc4 Nb6 17. Na5 Nd7 18. Nxc6 bxc6 19. Bxc6 Rb8 20. Bg5 Rxb2 21. Bxd7 Bxd7 22. Rxd7 Bb6 23. Rd2 Re2 24. Rxe2 Rxe2 25. Be3 Bxe3 26. fxe3 Rxe3 27. Rb1 Re7 28. a5 Kf7 29. a6 Ke6 30. c4 Kd6 31. Kf2 Rc7 32. Rb4 h6 33. h4 Rc6 34. Ra4 Kc5 35. Ke3 Rd6 36. g3 h5 37. Ra5+ Kxc4 38. Kf4 Kb4 39. Re5 Rxa6 40. Re7 Kc5 41. Kg5 Ra3 42. Kxg6 Rxg3+ 43. Kxh5 f4 44. Rxa7 f3 45. Kh6 Kd4 46. h5 f2 47. Rf7 Ke3 48. Re7+ Kd2 49. Rf7 Ke2 50. Kh7 Rf3 51. Rxf3 Kxf3 52. h6 f1Q 53. Kg8 Qc4+ 54. Kg7 Qc7+ 55. Kg8 Qd8+ 56. Kg7 Qg5+ 0-1

[Event "Skara Vastgota op"]
[Site "Skara"]
[Date "2022.10.30"]
[Round "6"]
[White "Johnson, Daniel"]
[Black "Bengtsson, Jessica"]
[Result "0-1"]
[WhiteElo "2202"]
[BlackElo "2061"]
[PlyCount "74"]
[EventDate "2022.10.29"]
[EventType "swiss"]
[EventRounds "9"]
[EventCountry "SWE"]
[SourceTitle "EXT 2024"]
[Source "ChessBase"]
[SourceDate "2023.10.10"]
[SourceVersion "1"]
[SourceVersionDate "2023.10.10"]
[SourceQuality "1"]

1. d4 Nf6 2. Nc3 d5 3. Bf4 Bf5 4. e3 e6 5. f3 Bd6 6. Bxd6 Qxd6 7. g4 Bg6 8. Qd2 a6 9. 0-0-0 Nc6 10. h4 h6 11. Nh3 Nb4 12. a3 Nxc2 13. Bd3 Na1 14. Kb1 Nb3 15. Qc2 Bxd3 16. Qxd3 Na5 17. g5 Nd7 18. g6 f6 19. e4 0-0-0 20. exd5 exd5 21. Qf5 c6 22. Rhe1 Rde8 23. Nf4 Re7 24. Nfxd5 cxd5 25. Nxd5 Rxe1 26. Rxe1 Kb8 27. Re6 Qg3 28. Re7 Rd8 29. Rxd7 Rxd7 30. Qxd7 Ka7 31. Qxg7 Qe1+ 32. Ka2 Qe6 33. Qf7 Qc6 34. Nb4 Qc2 35. g7 Nc4 36. Nd3 Nd2 37. a4 Qxa4# 0-1

[Event "Skara Vastgota op"]
[Site "Skara"]
[Date "2022.10.30"]
[Round "9"]
[White "Johnson, Daniel"]
[Black "Cramling, Pia"]
[Result "1/2-1/2"]
[WhiteElo "2202"]
[BlackElo "2459"]
[PlyCount "60"]
[EventDate "2022.10.29"]
[EventType "swiss"]
[EventRounds "9"]
[EventCountry "SWE"]
[SourceTitle "EXT 2024"]
[Source "ChessBase"]
[SourceDate "2023.10.10"]
[SourceVersion "1"]
[SourceVersionDate "2023.10.10"]
[SourceQuality "1"]

1. d4 Nf6 2. c4 e6 3. Nc3 Bb4 4. Qc2 0-0 5. Nf3 d6 6. g3 b6 7. Bg2 Bb7 8. 0-0 Nbd7 9. a3 Bxc3 10. Qxc3 Be4 11. Re1 c5 12. b4 Rc8 13. Bb2 d5 14. dxc5 bxc5 15. cxd5 cxb4 16. Qxb4 Bxd5 17. Rac1 Rb8 18. Qd4 Qb6 19. Qxb6 Nxb6 20. Bd4 Rbc8 21. Ne5 Bxg2 22. Kxg2 Rfe8 23. Rxc8 Rxc8 24. Rb1 Nfd5 25. Bxb6 Nxb6 26. a4 Nxa4 27. Nc6 Kf8 28. Nxa7 Rc2 29. e3 Nb2 30. Nc6 Rxc6 1/2-1/2

[Event "Skara Vastgota op"]
[Site "Skara"]
[Date "2022.10.29"]
[Round "2"]
[White "Johnson, Daniel"]
[Black "Magnussen, Pal"]
[Result "1-0"]
[WhiteElo "2202"]
[BlackElo "1856"]
[PlyCount "61"]
[EventDate "2022.10.29"]
[EventType "swiss"]
[EventRounds "9"]
[EventCountry "SWE"]
[SourceTitle "EXT 2024"]
[Source "ChessBase"]
[SourceDate "2023.10.10"]
[SourceVersion "1"]
[SourceVersionDate "2023.10.10"]
[SourceQuality "1"]

1. d4 c5 2. d5 Nf6 3. c4 b5 4. cxb5 a6 5. e3 d6 6. Nc3 g6 7. Nf3 Bg7 8. a4 0-0 9. e4 axb5 10. Bxb5 Ba6 11. Be2 Bxe2 12. Qxe2 Nbd7 13. 0-0 Ng4 14. Nd2 h5 15. h3 Ngf6 16. f4 Qb6 17. Nc4 Qa6 18. e5 Ne8 19. e6 Nb6 20. Nxb6 Qxb6 21. f5 Bd4+ 22. Kh1 Nf6 23. Bh6 Qb7 24. exf7+ Kh7 25. Bxf8 Rxf8 26. fxg6+ Kxg6 27. a5 Bxc3 28. Qd3+ Kxf7 29. bxc3 Qb2 30. Rab1 Qa2 31. Qh7+ 1-0

[Event "London Mindsports IM"]
[Site "London"]
[Date "2022.09.14"]
[Round "9"]
[White "Johnson, Daniel"]
[Black "Large, Peter G"]
[Result "1-0"]
[WhiteElo "2211"]
[BlackElo "2298"]
[PlyCount "93"]
[EventDate "2022.09.09"]
[EventType "tourn"]
[EventRounds "9"]
[EventCountry "ENG"]
[EventCategory "2"]
[SourceTitle "CBM 210 Extra"]
[Source "ChessBase"]
[SourceDate "2022.11.30"]
[SourceVersion "1"]
[SourceVersionDate "2022.11.30"]
[SourceQuality "1"]

1. d4 e6 2. c4 b6 3. Nf3 Nf6 4. g3 Bb4+ 5. Bd2 Bxd2+ 6. Nbxd2 Bb7 7. Bg2 0-0 8. Qc2 c5 9. dxc5 bxc5 10. 0-0 Qc7 11. e3 Rd8 12. Rfd1 Nc6 13. Nb1 Rab8 14. Nc3 a6 15. Rac1 h6 16. b3 Nb4 17. Qb1 d6 18. Rd2 Bc6 19. Rcd1 Qb7 20. Ne1 Bxg2 21. Nxg2 Qe7 22. Ne4 Ne8 23. g4 Nc6 24. f4 Nb4 25. a3 Nc6 26. g5 hxg5 27. Nxg5 Nf6 28. Rd3 g6 29. Qc2 a5 30. Qf2 d5 31. cxd5 exd5 32. Qh4 Kg7 33. Qh3 c4 34. Rc3 Rxb3 35. Rxb3 cxb3 36. Nh4 Re8 37. e4 dxe4 38. Qg3 Qc5+ 39. Kh1 Rh8 40. Ne6+ fxe6 41. Qxg6+ Kf8 42. Qxf6+ Kg8 43. Qg6+ Kf8 44. Qf6+ Kg8 45. Qxe6+ Kf8 46. Ng6+ Kg7 47. Rd7+ 1-0